| 000 | 00499nam a2200145Ia 4500 | ||
|---|---|---|---|
| 008 | 140724s9999 xx 000 0 und d | ||
| 050 |
_aT 58.6 _b.F268 2014 |
||
| 100 | _aFaustino, Joni Boris S. | ||
| 245 |
_aInventory system for SHARP (Philippines) Corporation / _cJoni Boris S. Faustino. |
||
| 260 |
_aLas PiƱas, Philippines : _bSouthville International School and Colleges, _cc2014. |
||
| 300 |
_a110 p. : _bill. ; _c28 cm. |
||
| 521 | _aInformation Technology | ||
| 942 | _cTH | ||
| 999 |
_c229325 _d229325 |
||